Online Catalogue and eLibrary

Women in development in South Asia (Record no. 2780)

MARC details
000 -LEADER
fixed length control field 00446nam a2200181Ia 4500
005 - DATE AND TIME OF LATEST TRANSACTION
control field 20240528050230.0
008 - FIXED-LENGTH DATA ELEMENTS--GENERAL INFORMATION
fixed length control field 240331s9999 xx 000 0 und d
020 ## - INTERNATIONAL STANDARD BOOK NUMBER
ISBN 0333929098
082 ## - DDC Classification
Item Number - Author Mark WOM
Class No. 338.9
245 #0 - TITLE STATEMENT
Title Women in development in South Asia
250 ## - EDITION STATEMENT
Edition statement 1 st
260 ## - PUBLICATION, DISTRIBUTION, ETC.
Place of publication, distribution, etc. New Delhi
Name of publisher, distributor, etc. Macmillan India limited
Date of publication, distribution, etc. 1989
300 ## - PHYSICAL DESCRIPTION
Extent (e.g. Volumes, Pages etc.) 337 p .,
650 ## - SUBJECT ADDED ENTRY--TOPICAL TERM
Topical term or geographic name entry element Social
650 ## - SUBJECT ADDED ENTRY--TOPICAL TERM
Topical term or geographic name entry element Economic
700 ## - ADDED ENTRY--PERSONAL NAME
Personal name Kanesalingam. v
Relator term (Role) Editor
942 ## - Koha item type (Biblio)
Koha item type Books in Stacks (Lending)
Holdings
Lost status Damaged status Collection code Home library Current library Shelving location Date acquired Full call number Accession Number Item type
    Lending WERC Library WERC Library Social Science Cupboard 03/31/2024 338.9 WOM 509 Books in Stacks (Lending)

© WERC Library